| 000 | 00639nam a2200205 i 4500 | ||
|---|---|---|---|
| 001 | 55317 | ||
| 003 | ES-MaACL | ||
| 005 | 20250728043237.0 | ||
| 007 | t| | ||
| 008 | 030917s1932 fr ||||1| fre d | ||
| 100 | 1 |
_aDendias, Michel. _943682 |
|
| 245 | 1 | 3 |
_aLe renforcement des pouvoirs du chef de l'état dans la démocratie parlementaire / _cMichel Dendias. |
| 260 |
_aParis : _bE. de Boccard, _c1932 ( _eBordeaux : _fJ. Biere) |
||
| 300 |
_a138 p. ; _c25 cm. |
||
| 504 | _aBibliogr. p. 15-23. | ||
| 650 | 4 |
_aPoder ejecutivo. _9164160 |
|
| 650 | 7 |
_aDemocracia _2embne _911574 |
|
| 852 |
_aES-MaACL _jA-1331 |
||
| 999 |
_c55317 _d55317 |
||